[Event "Gibraltar Amateurs op-B"]
[Site "Caleta"]
[Date "2020.01.26"]
[Round "2"]
[White "Kearsley, Raymond J"]
[Black "Perdigones Gomez, Mercedes"]
[Result "0-1"]
[WhiteElo "1611"]
[BlackElo "1364"]
[PlyCount "60"]
[EventDate "2020.01.20"]
[EventType "swiss"]
[EventRounds "5"]
[EventCountry "GGB"]
[SourceTitle "CBM 194 Extra"]
[Source "ChessBase"]
[SourceDate "2020.03.31"]
[SourceVersion "1"]
[SourceVersionDate "2020.03.31"]
[SourceQuality "1"]

1. e4 c5 2. Nf3 g6 3. c3 Bg7 4. d4 cxd4 5. cxd4 d6 6. Nc3 Nc6 7. Be3 Nf6 8. h3 Bd7 9. Be2 0-0 10. Qd2 Re8 11. e5 dxe5 12. dxe5 Nh5 13. g4 Ng3 14. fxg3 Nxe5 15. Nxe5 Bxe5 16. Bf4 Bg7 17. 0-0 Qc8 18. Rac1 Qc5+ 19. Be3 Qc7 20. Kh2 Bc6 21. Bf3 Red8 22. Qf2 Bxf3 23. Qxf3 e6 24. Nb5 Qe5 25. Qxf7+ Kh8 26. Bd4 Rxd4 27. Nxd4 Qxd4 28. Qxe6 Qxb2+ 29. Rc2 Qxc2+ 30. Kh1 Qc6+ 0-1

[Event "Gibraltar Amateurs op-A"]
[Site "Caleta"]
[Date "2020.01.23"]
[Round "4"]
[White "Kearsley, Raymond J"]
[Black "Maloney, Harry"]
[Result "1-0"]
[WhiteElo "1611"]
[BlackElo "1328"]
[PlyCount "31"]
[EventDate "2020.01.20"]
[EventType "swiss"]
[EventRounds "5"]
[EventCountry "GGB"]
[SourceTitle "EXT 2021"]
[Source "ChessBase"]
[SourceDate "2020.10.23"]
[SourceVersion "1"]
[SourceVersionDate "2020.10.23"]
[SourceQuality "1"]

1. e4 c5 2. Nf3 Nc6 3. Bb5 e6 4. 0-0 a6 5. Bxc6 bxc6 6. d3 Qc7 7. Nc3 d5 8. Re1 Nf6 9. Bg5 Nd7 10. exd5 cxd5 11. Nxd5 Qc6 12. c4 Nb6 13. Ne5 Qb7 14. Nxb6 Qxb6 15. Qa4+ Bd7 16. Qxd7# 1-0

[Event "Hastings Masters op 95th"]
[Site "Hastings"]
[Date "2019.12.30"]
[Round "3"]
[White "Kearsley, Raymond J"]
[Black "Spanton, Timothy"]
[Result "0-1"]
[WhiteElo "1624"]
[BlackElo "1951"]
[PlyCount "134"]
[EventDate "2019.12.28"]
[EventType "swiss"]
[EventRounds "9"]
[EventCountry "ENG"]
[SourceTitle "CBM 194 Extra"]
[Source "ChessBase"]
[SourceDate "2020.03.31"]
[SourceVersion "1"]
[SourceVersionDate "2020.03.31"]
[SourceQuality "1"]

1. e4 c5 2. Nf3 g6 3. c4 Bh6 4. Bd3 Nc6 5. a3 d6 6. 0-0 Ne5 7. Nxe5 dxe5 8. Be2 Nf6 9. Nc3 0-0 10. Qc2 b6 11. d3 Bxc1 12. Raxc1 Bb7 13. Qd2 Kg7 14. Qe3 e6 15. Kh1 Qe7 16. f4 exf4 17. Qxf4 e5 18. Qg3 Rad8 19. Rf2 Ne8 20. Rcf1 f6 21. Qh4 Nc7 22. Rf3 Ne6 23. g3 Nd4 24. Re3 g5 25. Qh3 Nxe2 26. Nxe2 Bc8 27. g4 h5 28. Nc3 Bxg4 29. Qg2 Be6 30. Nd5 Bxd5 31. cxd5 Kg6 32. Ref3 Rf7 33. Rf5 Rdf8 34. R1f3 b5 35. Qc2 a5 36. Rh3 Qc7 37. Qe2 Rh8 38. Rhf3 a4 39. Qf2 Rhf8 40. Rh3 b4 41. Qe2 Rh8 42. Rhf3 bxa3 43. bxa3 Qb6 44. Qf2 Rhf8 45. Rh3 Rb8 46. Qe2 Rh8 47. Rhf3 Qb1+ 48. Rf1 Qb3 49. R5f3 g4 50. Rg3 f5 51. exf5+ Rxf5 52. Qe4 Rhf8 53. Rfg1 Kf6 54. d4 Qb2 55. dxc5 Qd4 56. Qxd4 exd4 57. Rd3 Rxd5 58. c6 Rc8 59. Rc1 Ke5 60. Rc4 Ke4 61. Rd1 Ke3 62. c7 Rd7 63. Rxa4 Rcxc7 64. Rb4 d3 65. Kg2 Rc2+ 66. Kg3 d2 67. Rbb1 Rdc7 0-1

[Event "Hastings Masters op 95th"]
[Site "Hastings"]
[Date "2019.12.28"]
[Round "1"]
[White "Kearsley, Raymond J"]
[Black "Barton, R Alan"]
[Result "0-1"]
[WhiteElo "1624"]
[BlackElo "1945"]
[PlyCount "42"]
[EventDate "2019.12.28"]
[EventType "swiss"]
[EventRounds "9"]
[EventCountry "ENG"]
[SourceTitle "CBM 194 Extra"]
[Source "ChessBase"]
[SourceDate "2020.03.31"]
[SourceVersion "1"]
[SourceVersionDate "2020.03.31"]
[SourceQuality "1"]

1. e4 b6 2. d4 Bb7 3. Nc3 e6 4. Nf3 Bb4 5. Bd3 Nf6 6. Qe2 d5 7. exd5 Nxd5 8. Bd2 Nxc3 9. bxc3 Be7 10. 0-0 Nd7 11. Rad1 Bf6 12. Bf4 0-0 13. Ne5 g6 14. Bb5 Nb8 15. Rfe1 Bg7 16. Qe3 Qd5 17. Bf1 Nc6 18. Bc4 Qd8 19. Bh6 Nxe5 20. dxe5 Qh4 21. Bg5 Qxc4 0-1

[Event "GBR-ch 65+ 106th"]
[Site "Torquay"]
[Date "2019.07.29"]
[Round "1"]
[White "Pickersgill, Adrian"]
[Black "Kearsley, Raymond J"]
[Result "1/2-1/2"]
[WhiteElo "1948"]
[BlackElo "1598"]
[PlyCount "70"]
[EventDate "2019.07.29"]
[EventType "swiss"]
[EventRounds "7"]
[EventCountry "ENG"]
[SourceTitle "EXT 2020"]
[Source "ChessBase"]
[SourceDate "2019.10.17"]
[SourceVersion "1"]
[SourceVersionDate "2019.10.17"]
[SourceQuality "1"]

1. e4 d5 2. exd5 Nf6 3. d4 Nxd5 4. Nf3 Nc6 5. c4 Nf6 6. d5 Nb8 7. Bd3 e6 8. dxe6 Bxe6 9. 0-0 Be7 10. Nc3 0-0 11. Qc2 Nc6 12. a3 a5 13. Bg5 h6 14. Bh4 Nd4 15. Nxd4 Qxd4 16. Bxf6 Bxf6 17. Rad1 Qb6 18. b3 Rad8 19. Ne4 Bd4 20. Kh1 f5 21. Ng3 f4 22. Ne4 Bg4 23. f3 Bf5 24. Rfe1 Be3 25. c5 Qg6 26. b4 axb4 27. axb4 Kh8 28. g4 Bxe4 29. Bxe4 Qa6 30. Rxd8 Rxd8 31. Rd1 Rd4 32. h3 Qb5 33. Ra1 Rd8 34. Rd1 Rd4 35. Ra1 Rd8 1/2-1/2

[Event "Gibraltar Amateur op-B"]
[Site "Caleta"]
[Date "2019.01.26"]
[Round "1"]
[White "Dennis, Nigel W"]
[Black "Kearsley, Raymond J"]
[Result "0-1"]
[WhiteElo "1805"]
[BlackElo "1537"]
[PlyCount "62"]
[EventDate "2019.01.26"]
[EventType "swiss"]
[EventRounds "5"]
[EventCountry "GGB"]
[SourceTitle "EXT 2021"]
[Source "ChessBase"]
[SourceDate "2020.10.23"]
[SourceVersion "1"]
[SourceVersionDate "2020.10.23"]
[SourceQuality "1"]

1. e4 c5 2. Nf3 g6 3. d4 cxd4 4. Nxd4 Bg7 5. c4 Nc6 6. Nxc6 bxc6 7. Nc3 d6 8. Be2 Nf6 9. 0-0 0-0 10. Be3 Bb7 11. f4 d5 12. e5 Ne4 13. Nxe4 dxe4 14. Qxd8 Rfxd8 15. Rfd1 f6 16. Bc5 fxe5 17. fxe5 Bxe5 18. Bxe7 Bd4+ 19. Kh1 Rd7 20. Bf6 c5 21. Bg4 Rd6 22. Be7 Rb6 23. Rab1 Re8 24. Bh4 e3 25. Be2 Be4 26. Bd3 e2 27. Rd2 Bxd3 28. Rxd3 Rxb2 29. Rb3 Rxb1+ 30. Rxb1 Rf8 31. g4 Rf1+ 0-1

[Event "Hastings Masters op 94th"]
[Site "Hastings"]
[Date "2018.12.29"]
[Round "2"]
[White "Brown, Thomas"]
[Black "Kearsley, Raymond J"]
[Result "1-0"]
[WhiteElo "2076"]
[BlackElo "1537"]
[PlyCount "51"]
[EventDate "2018.12.28"]
[EventType "swiss"]
[EventRounds "10"]
[EventCountry "ENG"]
[SourceTitle "CBM 188 Extra"]
[Source "ChessBase"]
[SourceDate "2019.02.26"]
[SourceVersion "1"]
[SourceVersionDate "2019.02.26"]
[SourceQuality "1"]

1. d4 d5 2. Nf3 Bf5 3. c4 e6 4. Nc3 Nf6 5. Bg5 Nc6 6. cxd5 exd5 7. Bxf6 Qxf6 8. Nxd5 Qd6 9. Nc3 Qb4 10. Qd2 0-0-0 11. e3 f6 12. Be2 g5 13. a3 Qb3 14. Bd3 Bg4 15. Qc2 Qf7 16. Bf5+ Bxf5 17. Qxf5+ Kb8 18. 0-0 Rg8 19. Ne5 Nxe5 20. dxe5 Bg7 21. e6 Qg6 22. e4 c6 23. Rad1 Rge8 24. Rxd8+ Rxd8 25. e7 Rd6 26. Qxg6 1-0

[Event "Guernsey Holiday op 44th"]
[Site "Vale"]
[Date "2018.10.25"]
[Round "5"]
[White "Hall, Alan"]
[Black "Kearsley, Raymond J"]
[Result "1-0"]
[WhiteElo "1731"]
[BlackElo "1590"]
[PlyCount "71"]
[EventDate "2018.10.21"]
[EventType "swiss"]
[EventRounds "7"]
[EventCountry "GCI"]
[SourceTitle "EXT 2021"]
[Source "ChessBase"]
[SourceDate "2020.10.23"]
[SourceVersion "1"]
[SourceVersionDate "2020.10.23"]
[SourceQuality "1"]

1. d4 d5 2. Nf3 Bf5 3. c4 e6 4. Nc3 Nf6 5. e3 Nbd7 6. Be2 c6 7. Nh4 Bg6 8. Nxg6 hxg6 9. c5 e5 10. Bd2 e4 11. Qc2 Be7 12. 0-0-0 0-0 13. f3 exf3 14. gxf3 b6 15. Na4 b5 16. Nc3 a5 17. Rdg1 Nb8 18. Rg3 Na6 19. Rhg1 Qc7 20. f4 b4 21. Na4 Ne4 22. R3g2 Rfe8 23. f5 g5 24. h4 f6 25. Bd3 Nxd2 26. Qxd2 Bd8 27. Qe2 Nb8 28. Rg4 Qf7 29. e4 Nd7 30. b3 Ra7 31. Qh2 Bc7 32. Qh3 Bf4+ 33. Kc2 Qh5 34. Qg2 dxe4 35. Bc4+ Kf8 36. Rxf4 1-0

[Event "Torquay Paignton Bloodworth op"]
[Site "Torquay"]
[Date "2018.09.08"]
[Round "7"]
[White "Kearsley, Raymond J"]
[Black "Stone, Mark R"]
[Result "0-1"]
[WhiteElo "122"]
[BlackElo "120"]
[PlyCount "74"]
[EventDate "2018.09.02"]
[EventType "swiss"]
[EventRounds "7"]
[EventCountry "ENG"]
[SourceTitle "CBM 187 Extra"]
[Source "ChessBase"]
[SourceDate "2018.11.04"]
[SourceVersion "1"]
[SourceVersionDate "2018.11.04"]
[SourceQuality "1"]

1. e4 d5 2. d4 dxe4 3. Nc3 Nf6 4. f3 exf3 5. Nxf3 c6 6. Bc4 Bf5 7. 0-0 e6 8. Ne5 Bg6 9. Be3 Be7 10. Nxg6 hxg6 11. Qf3 Nbd7 12. Rad1 Nb6 13. Bb3 0-0 14. Bf4 Nbd5 15. Nxd5 exd5 16. c3 Nh5 17. Bd2 Bg5 18. Bxg5 Qxg5 19. Rde1 Nf6 20. Re5 Qg4 21. Qxg4 Nxg4 22. Re7 Rab8 23. Bc2 f5 24. Rfe1 Nf6 25. Rc7 Ne4 26. c4 Rf7 27. Rxf7 Kxf7 28. cxd5 cxd5 29. Bb3 Ke6 30. Rc1 Kd6 31. Bd1 Rh8 32. g3 g5 33. Bf3 g4 34. Bg2 g5 35. Re1 Rc8 36. Re2 Rc1+ 37. Bf1 Rd1 0-1

[Event "Torquay Paignton Bloodworth op"]
[Site "Torquay"]
[Date "2018.09.06"]
[Round "5"]
[White "Gilbert, David J"]
[Black "Kearsley, Raymond J"]
[Result "1-0"]
[WhiteElo "131"]
[BlackElo "122"]
[PlyCount "53"]
[EventDate "2018.09.02"]
[EventType "swiss"]
[EventRounds "7"]
[EventCountry "ENG"]
[SourceTitle "CBM 187 Extra"]
[Source "ChessBase"]
[SourceDate "2018.11.04"]
[SourceVersion "1"]
[SourceVersionDate "2018.11.04"]
[SourceQuality "1"]

1. c4 Nf6 2. Nc3 g6 3. g3 Bg7 4. Bg2 0-0 5. Nf3 d6 6. 0-0 c5 7. d3 Nc6 8. a3 Bd7 9. Bg5 h6 10. Bd2 Rb8 11. Qc1 Kh7 12. Rb1 a5 13. b3 Be6 14. Ne1 d5 15. Bf4 Rc8 16. Nb5 Nd4 17. Nxd4 cxd4 18. Nc2 Nh5 19. Bd2 Qd7 20. Bxa5 f5 21. Bb6 f4 22. Bxd4 dxc4 23. Bxg7 Kxg7 24. bxc4 Bh3 25. Rxb7 Qe6 26. Qb2+ Nf6 27. Nd4 1-0

[Event "Torquay Paignton Bloodworth op"]
[Site "Torquay"]
[Date "2018.09.04"]
[Round "3"]
[White "Morton, Peter S"]
[Black "Kearsley, Raymond J"]
[Result "1/2-1/2"]
[WhiteElo "1978"]
[BlackElo "122"]
[PlyCount "53"]
[EventDate "2018.09.02"]
[EventType "swiss"]
[EventRounds "7"]
[EventCountry "ENG"]
[SourceTitle "CBM 187 Extra"]
[Source "ChessBase"]
[SourceDate "2018.11.04"]
[SourceVersion "1"]
[SourceVersionDate "2018.11.04"]
[SourceQuality "1"]

1. e4 c5 2. g3 g6 3. Bg2 Bg7 4. Ne2 Nc6 5. Nbc3 e6 6. 0-0 Nge7 7. Re1 0-0 8. d3 d5 9. exd5 exd5 10. Nf4 d4 11. Ne4 b6 12. Nd2 Rb8 13. Nf3 Bb7 14. Nh3 Nd5 15. Bd2 Qd7 16. Nf4 Nxf4 17. Bxf4 Rbe8 18. Qd2 Rxe1+ 19. Rxe1 Re8 20. a3 f6 21. Bh6 Rxe1+ 22. Nxe1 Ne5 23. Bxg7 Kxg7 24. Bxb7 Qxb7 25. Qe2 Qd5 26. f4 Nc6 27. Qf3 1/2-1/2

[Event "Gibraltar Amateur op-A"]
[Site "Caleta"]
[Date "2018.01.23"]
[Round "2"]
[White "Kearsley, Raymond J"]
[Black "Popham, Sarah"]
[Result "1-0"]
[WhiteElo "1655"]
[BlackElo "1238"]
[PlyCount "113"]
[EventDate "2018.01.22"]
[EventType "swiss"]
[EventRounds "5"]
[EventCountry "GGB"]
[SourceTitle "EXT 2019"]
[Source "ChessBase"]
[SourceDate "2018.10.10"]
[SourceVersion "1"]
[SourceVersionDate "2018.10.10"]
[SourceQuality "1"]

1. e4 e5 2. Nf3 Nc6 3. c3 Nf6 4. d4 exd4 5. e5 Nd5 6. Qb3 Nde7 7. cxd4 Nf5 8. Be3 Bb4+ 9. Nc3 d6 10. Bb5 Bxc3+ 11. Qxc3 Nfe7 12. d5 Bd7 13. dxc6 bxc6 14. Bc4 0-0 15. 0-0 Re8 16. Rfe1 Ng6 17. Bg5 Qc8 18. exd6 cxd6 19. Rxe8+ Qxe8 20. Re1 Qc8 21. Bd3 Bg4 22. Bxg6 fxg6 23. h3 Bxf3 24. Qxf3 Rb8 25. b3 Qa6 26. Re7 Rf8 27. Qc3 Rf7 28. Re8+ Rf8 29. Qe3 Qb7 30. Qe6+ Qf7 31. Rxf8+ Kxf8 32. Qxd6+ Kg8 33. Qd8+ Qf8 34. Qxf8+ Kxf8 35. Be3 a6 36. Bc5+ Kf7 37. Kf1 h5 38. Ke2 g5 39. Kd3 g6 40. Ke4 Kf6 41. g4 Ke6 42. Be3 hxg4 43. hxg4 Kd6 44. Bxg5 Kc5 45. Be7+ Kb5 46. f4 c5 47. f5 gxf5+ 48. gxf5 c4 49. bxc4+ Kxc4 50. f6 a5 51. f7 a4 52. f8Q Kc3 53. Qb8 a3 54. Qb3+ Kd2 55. Bg5+ Ke2 56. Be3 Ke1 57. Qc2 1-0

[Event "SCO-ch 124th"]
[Site "Dundee"]
[Date "2017.07.23"]
[Round "9"]
[White "Kearsley, Raymond J"]
[Black "Svensson, Lars Ake"]
[Result "1/2-1/2"]
[WhiteElo "1715"]
[BlackElo "1937"]
[PlyCount "59"]
[EventDate "2017.07.15"]
[EventType "swiss"]
[EventRounds "9"]
[EventCountry "SCO"]
[SourceTitle "EXT 2018"]
[Source "ChessBase"]
[SourceDate "2017.10.13"]
[SourceVersion "1"]
[SourceVersionDate "2017.10.13"]
[SourceQuality "1"]

1. e4 c5 2. Nf3 d6 3. Bb5+ Bd7 4. Bxd7+ Nxd7 5. 0-0 Ngf6 6. Re1 e6 7. c3 Be7 8. d4 cxd4 9. cxd4 d5 10. e5 Ne4 11. Nbd2 Nxd2 12. Bxd2 0-0 13. Qe2 Nb8 14. Rec1 Qb6 15. Rc2 Nc6 16. Bc3 Rfc8 17. a3 Bf8 18. Rac1 a6 19. Qd2 Qd8 20. Qf4 h6 21. h4 Ne7 22. g3 Nf5 23. Qd2 Qd7 24. Ba5 Rxc2 25. Qxc2 Ne7 26. Qc7 Qb5 27. Qb6 Qxb6 28. Bxb6 Rc8 29. Rxc8 Nxc8 30. Bc7 1/2-1/2

[Event "SCO-ch 124th"]
[Site "Dundee"]
[Date "2017.07.21"]
[Round "7"]
[White "Kearsley, Raymond J"]
[Black "Borwell, Alan Peter"]
[Result "0-1"]
[WhiteElo "1715"]
[BlackElo "1938"]
[PlyCount "60"]
[EventDate "2017.07.15"]
[EventType "swiss"]
[EventRounds "9"]
[EventCountry "SCO"]
[SourceTitle "CBM 179 Extra"]
[Source "ChessBase"]
[SourceDate "2017.08.23"]
[SourceVersion "1"]
[SourceVersionDate "2017.08.23"]
[SourceQuality "1"]

1. e4 c5 2. Nf3 a6 3. c3 e6 4. d4 cxd4 5. cxd4 d5 6. e5 Bd7 7. Nc3 Bb4 8. Bd2 Ne7 9. Bd3 h6 10. 0-0 Nbc6 11. a3 Bxc3 12. Bxc3 Na5 13. Nd2 Bb5 14. Bxb5+ axb5 15. f4 Nf5 16. Qe2 Nc6 17. Qxb5 0-0 18. Rfe1 Ncxd4 19. Qd3 Qb6 20. Kh1 Nb3 21. Nxb3 Qxb3 22. Red1 Rfc8 23. Rac1 d4 24. Bxd4 Qxd3 25. Rxd3 Nxd4 26. Rcd1 Nf5 27. Rd7 b5 28. Rb7 Rab8 29. Ra7 Rc2 30. b4 Nh4 0-1